000 00421cam a2200181ua 4500
020 _c1.00
041 _amal
_h
082 _a894.812308
_bSOS/KO
100 _aSoseki, Natsume .
245 _aKokoro /
_cNatsume Soseki.
_hTextual Documents
250 _a1 /
_b.
260 _aThrissur :
_bCurrent Books ,
_c1960.
300 _a117 ; .
365 _a1.00
504 _a
942 _cBK
999 _c12614
_d12614